000 00230nam a2200097Ia 4500
008 190216s9999||||xx |||||||||||||| ||und||
100 _aSankaran A V
245 0 _aPrayogika Resathanthram
260 _bKerala Basha Inst
942 _cBK
999 _c39172
_d39172